| 000 | 00753cab a2200229 4500 | ||
|---|---|---|---|
| 001 | ABS46686 | ||
| 008 | 090401t1992 xxu||||| |||| 00| 0 eng d | ||
| 035 | _a(Sirsi) u59184 | ||
| 041 | _aeng | ||
| 100 | _aMcGoldrick, T. | ||
| 245 | _aHe who asserts must prove | ||
| 260 | _c1992 | ||
| 350 | _a0 | ||
| 490 |
_aCost Engineer _v30(4) 1992, 5-7(3) |
||
| 520 | _aA discussion of "McAlpine Humberoak Ltd v Mcdermott International Inc" of interestvto those involved in the preparation or defence of claims. | ||
| 650 | _aBUILT ENVIRONMENT-BUILDING CONTRACT FORMS | ||
| 650 | _aCLAIMS | ||
| 650 | _aMCALPINE HUMBEROAK LTD V MCDERMOTT INTERNATIONAL INC | ||
| 690 | _aBUILT ENVIRONMENT-BUILDING CONTRACT FORMS | ||
| 942 | _n0 | ||
| 948 | _c04/03/1997 | ||
| 999 |
_c36274 _d36274 |
||